000 00250nam a2200121Ia 4500
100 _a#N/A
650 _aComputers
942 _cBK
654 _aSAP
245 _aSAP Planning - best practices in implementation
260 _b#N/A
546 _aENGLISH
999 _c28795
_d28795